000 01283nam a2200325 c 4500
999 _c18182
_d18182
003 BLK
005 20220228142617.0
008 180413b bul|||||r ||||||| ||bul||
010 _aKNG00020215000
020 _a954-9631-02-8
040 _aBLK
041 _aBUL
_cBUL
072 7 _2bullib
_aРА
_xРусенски автори
080 _aБългарска литература
_b821.163.2
_x-1
_z821.163.2-1
100 1 _aЯнева-Медникарова, Дора Стоянова
_eпърви автор
_9365173
139 _aЯнева-Медникарова, Дора Стоянова
_bЯ 54
245 1 0 _aИмпресия
_bСтихотворения
_cДора Стоянова Янева-Медникарова.
250 _a2. изд.
257 _aBGR
260 _bЗахарина Йоргова
_c1999
_fРусе : Авангард принт
300 _a32 с.
_c21 см
380 _aX
500 _aИзд. на Общ. к-т В. Левски. Лит. кръг Мисъл-2 - Русе. - 20 тир.
659 _aК
852 _aЦб 203840
852 _aК 821.163.2/Я 54 Д
856 4 _qpdf
_u
856 4 _qpdf
_u
942 _cKNG
_n0
_s1
944 _aCR
_c15.01.2003
_kГеновева_Генчева
944 _aED
_c05.06.2006
999 _d18182